| 000 | 00456nam a2200157Ia 4500 | ||
|---|---|---|---|
| 005 | 20241120175220.0 | ||
| 008 | 231221s9999 xx 000 0 und d | ||
| 020 | _a9780974060507 | ||
| 082 | _a620.0092 FUL;1 R | ||
| 100 | _aFuller, R. Buckminster. Snyder, Allegra Fuller. | ||
| 245 | 0 | _aGuinea pig B : the 56 year experiment | |
| 260 |
_c1983 _bCritical Path Publishing _aCalifornia |
||
| 300 | _a43 | ||
| 650 | _aGolden,oak,furniture | ||
| 942 | _cAR | ||
| 999 |
_c240235 _d240235 |
||